Statistics for Movies with Jobs in the Title

Click here to take the quiz!

General Stats

  • This quiz has been taken 54,278 times
    (42,090 since last reset)
  • The average score is 12 of 20

Answer Stats

Star Movie % Correct
Eddie Murphy{Doctor} Dolittle
97%
Eddie MurphyThe Nutty {Professor}
91%
Eddie MurphyBeverly Hills {Cop}
88%
Robin WilliamsDead {Poets} Society
85%
Adam SandlerThe Wedding {Singer}
82%
Roger MooreThe {Spy} Who Loved Me
79%
Cameron DiazBad {Teacher}
78%
Sylvester Stallone{Judge} Dredd
76%
Will Ferrell{Anchorman}:
The Legend of Ron Burgundy
76%
Whitney HoustonThe {Bodyguard}
71%
Steve Guttenberg{Police} Academy
68%
Jean-Claude Van DammeUniversal {Soldier}
56%
Mickey RourkeThe {Wrestler}
50%
Michael DouglasThe American {President}
49%
Adrien BrodyThe {Pianist}
44%
Samuel L. Jackson{Coach} Carter
42%
Renee Zellweger{Nurse} Betty
35%
Bjork{Dancer} in the Dark
30%
John TravoltaThe {General}'s Daughter
27%
Pierce BrosnanThe {Tailor} of Panama
21%

Score Distribution

Percentile by Number Answered

Percent of People with Each Score

Your Score History

You have not taken this quiz since the last reset